In quale anno è accaduto? - Statistics

Statistiche generali
  • Questo quiz è stato fatto 341 volte
  • Il punteggio medio è 8 su 15
Statistiche sulle risposte
Evento Anno in cui è accaduto % Corretto
L'Italia diventa una Repubblica 1946
90%
Invasione della Polonia da parte di Hitler 1939
88%
Assassinio di Francesco Ferdinando 1914
87%
Hitler diventa cancelliere della Germania 1933
87%
Invasione dell'Italia da parte dei Nazisti 1943
86%
Rivoluzione Russa 1917
77%
VIttorio Emanuele II diventa il Primo Re d'Italia 1861
70%
Nasce la prima squadra di calcio-cricket in Italia 1893
51%
Inizio del Sacro Romano Impero 800
44%
Caduta dell'Impero Romano d'Oriente 1453
39%
Riunificazione degli stati Germanici 1871
32%
Assassinio dello Zar Alessandro II in Russia 1881
25%
Inizio della Seconda Rivoluzione Industriale 1850
23%
Fine dell'Impero Britannico 1997
23%
In Antartide viene calcolata la temperatura più bassa mai registrata 1983
21%
Nessun quiz corrispondente trovato
Distribuzione punteggi
Percentuale di utenti per punteggio
Percentile per numero di risposta
I tuoi punteggi nel tempo
Non hai fatto questo quiz